Statistics for American Countries with the Shortest Names

Click here to take the quiz!

General Stats

  • This quiz has been taken 66,492 times
  • The average score is 8 of 10

Answer Stats

Country% Correct
Peru
94%
Cuba
92%
Chile
91%
Brazil
88%
Haiti
85%
Mexico
85%
Canada
84%
Belize
81%
Panama
80%
Guyana
68%

Score Distribution

Percentile by Number Answered

Percent of People with Each Score

Your Score History

You have not taken this quiz